Statistiche per Top 15 dei paesi con decessi Covid-19 - 6 maggio

Clicka qui per fare il quiz!

Statistiche generali

  • Questo quiz è stato fatto 2 volte
  • Il punteggio medio è 6 su 21

Statistiche sulle risposte

nazione% Corretto
Cina
100%
Francia
100%
Italia
100%
Stati Uniti
100%
Canada
50%
Regno Unito
50%
Spagna
50%
Belgio
0%
Brasile
0%
Danimarca
0%
Ecuador
0%
Germania
0%
Iran
0%
Irlanda
0%
Messico
0%
Paesi Bassi
0%
Portogallo
0%
Svezia
0%
Svezia
0%
Svizzera
0%
Turchia
0%

Distribuzione punteggi

Percentile per numero di risposta

Percentuale di utenti per punteggio

I tuoi punteggi nel tempo

Non hai fatto questo quiz